000 00716nam a2200241Ia 4500
003 OSt
005 20220918223722.0
006 a|||||r|||| 00| 0
007 ta
008 220917b |||||||| |||| 00| 0 eng d
024 _a224,878
037 _cTextual
040 _aARTS
_cARTS
_beng
041 _2eng
_aeng
082 _aY76-730v6:6, P1
100 _aJalata Asafa
_9146501
245 0 _aFighting against the injustice of the state andglobalization
_b Comparing the African American and Oromo movements
260 _aNew York
_bPalgrave
_c2001
300 _aviii, 216p.
_ccm.
650 _aSOCIOLOGY
942 _hY76-730v6:6, P1
_cTEXL
_2CC
999 _c279305
_d279305